<?xml version="1.0" encoding="UTF-8"?>
<record
    xmlns:xsi="http://www.w3.org/2001/XMLSchema-instance"
    xsi:schemaLocation="http://www.loc.gov/MARC21/slim http://www.loc.gov/standards/marcxml/schema/MARC21slim.xsd"
    xmlns="http://www.loc.gov/MARC21/slim">

  <leader>03309njm a2200517Ia 4500</leader>
  <controlfield tag="001">24604</controlfield>
  <controlfield tag="003">IT-RoPAU</controlfield>
  <controlfield tag="005">20220918181159.0</controlfield>
  <controlfield tag="008">131025s9999    xx            000 0 und d</controlfield>
  <datafield tag="040" ind1=" " ind2=" ">
    <subfield code="a">IT-RoPAU</subfield>
  </datafield>
  <datafield tag="040" ind1=" " ind2=" ">
    <subfield code="c">IT-RoPAU</subfield>
  </datafield>
  <datafield tag="041" ind1=" " ind2=" ">
    <subfield code="a">ITALIANO</subfield>
  </datafield>
  <datafield tag="999" ind1=" " ind2=" ">
    <subfield code="c">102862</subfield>
    <subfield code="d">102862</subfield>
  </datafield>
  <datafield tag="999" ind1=" " ind2=" ">
    <subfield code="b">n.d.</subfield>
  </datafield>
  <datafield tag="100" ind1=" " ind2=" ">
    <subfield code="a">AA.VV.</subfield>
    <subfield code="9">794</subfield>
  </datafield>
  <datafield tag="100" ind1=" " ind2=" ">
    <subfield code="e">Autore musica</subfield>
    <subfield code="9">10938</subfield>
  </datafield>
  <datafield tag="100" ind1=" " ind2=" ">
    <subfield code="g">Codice autore musica SPICS: 12000</subfield>
    <subfield code="9">796</subfield>
  </datafield>
  <datafield tag="245" ind1=" " ind2=" ">
    <subfield code="a">Incontro...</subfield>
  </datafield>
  <datafield tag="250" ind1=" " ind2=" ">
    <subfield code="a">1a ed.</subfield>
  </datafield>
  <datafield tag="260" ind1=" " ind2=" ">
    <subfield code="a">MILANO</subfield>
  </datafield>
  <datafield tag="260" ind1=" " ind2=" ">
    <subfield code="b">RUSTY RECORDS</subfield>
    <subfield code="c">1971 [1a Ed.:1971]</subfield>
  </datafield>
  <datafield tag="300" ind1=" " ind2=" ">
    <subfield code="a">DISCO</subfield>
  </datafield>
  <datafield tag="500" ind1=" " ind2=" ">
    <subfield code="a">Canzone italiana. Antologia di canzoni italiane dal 1910 al 1945</subfield>
  </datafield>
  <datafield tag="505" ind1=" " ind2=" ">
    <subfield code="a">Tu sei la musica - Camminando sotto la pioggia - Non passa pi&#xF9; - Pippo non lo sa - Il mio nome &#xE8; donna - Portami tante rose ... - Finestra chiusa - Non partir - Scrivimi - Bellezza in bicicletta - Tu, musica divina - E' stata una follia</subfield>
  </datafield>
  <datafield tag="511" ind1=" " ind2=" ">
    <subfield code="a">Silvana Fioresi e Dino D'Alba</subfield>
  </datafield>
  <datafield tag="650" ind1=" " ind2=" ">
    <subfield code="a">CANZONE ITALIAN [DISCHI]</subfield>
    <subfield code="e">Codice MATERIA SPICS: 9950</subfield>
    <subfield code="9">10939</subfield>
  </datafield>
  <datafield tag="700" ind1=" " ind2=" ">
    <subfield code="a">Bracchi Alfredo</subfield>
    <subfield code="d">Codice autore musica SPICS: 13448</subfield>
    <subfield code="e">Autore musica</subfield>
    <subfield code="p">Tu sei la musica - Finestra chiusa - Non partir - Tu, musica divina</subfield>
    <subfield code="9">10940</subfield>
  </datafield>
  <datafield tag="700" ind1=" " ind2=" ">
    <subfield code="a">Ansaldo Franco</subfield>
    <subfield code="d">Codice autore testo/musica SPICS: 13538</subfield>
    <subfield code="e">Autore testo/musica</subfield>
    <subfield code="p">Tu sei la musica</subfield>
    <subfield code="9">10941</subfield>
  </datafield>
  <datafield tag="700" ind1=" " ind2=" ">
    <subfield code="a">Rizzo</subfield>
    <subfield code="d">Codice autore musica SPICS: 25698</subfield>
    <subfield code="e">Autore musica</subfield>
    <subfield code="p">Camminando sotto la pioggia</subfield>
    <subfield code="9">10942</subfield>
  </datafield>
  <datafield tag="700" ind1=" " ind2=" ">
    <subfield code="a">Macario Erminio</subfield>
    <subfield code="d">Codice autore SPICS: 13573</subfield>
    <subfield code="e">Autore</subfield>
    <subfield code="p">Camminando sotto la pioggia</subfield>
    <subfield code="9">10943</subfield>
  </datafield>
  <datafield tag="700" ind1=" " ind2=" ">
    <subfield code="a">Frustaci Pasquale</subfield>
    <subfield code="d">Codice autore testo/musica SPICS: 13530</subfield>
    <subfield code="e">Autore testo/musica</subfield>
    <subfield code="p">Camminando sotto la pioggia</subfield>
    <subfield code="9">10944</subfield>
  </datafield>
  <datafield tag="700" ind1=" " ind2=" ">
    <subfield code="a">Liri (Gili) Mario (Giacomo M.)</subfield>
    <subfield code="d">Codice autore musica SPICS: 13385</subfield>
    <subfield code="e">Autore musica</subfield>
    <subfield code="p">Non passa pi&#xF9;</subfield>
    <subfield code="9">10945</subfield>
  </datafield>
  <datafield tag="700" ind1=" " ind2=" ">
    <subfield code="a">Marchetti P.</subfield>
    <subfield code="d">Codice autore testo/musica SPICS: 14237</subfield>
    <subfield code="e">Autore testo/musica</subfield>
    <subfield code="p">Non passa pi&#xF9;</subfield>
    <subfield code="9">10946</subfield>
  </datafield>
  <datafield tag="700" ind1=" " ind2=" ">
    <subfield code="a">Panzeri Mario</subfield>
    <subfield code="d">Codice autore musica SPICS: 13372</subfield>
    <subfield code="e">Autore musica</subfield>
    <subfield code="p">Pippo non lo sa</subfield>
    <subfield code="9">10947</subfield>
  </datafield>
  <datafield tag="700" ind1=" " ind2=" ">
    <subfield code="a">Rastelli Nino</subfield>
    <subfield code="d">Codice autore SPICS: 13482</subfield>
    <subfield code="e">Autore</subfield>
    <subfield code="p">Pippo non lo sa</subfield>
    <subfield code="9">10948</subfield>
  </datafield>
  <datafield tag="700" ind1=" " ind2=" ">
    <subfield code="a">Kramer Gorni</subfield>
    <subfield code="d">Codice autore testo/musica SPICS: 11552</subfield>
    <subfield code="e">Autore testo/musica</subfield>
    <subfield code="p">Pippo non lo sa</subfield>
    <subfield code="9">10949</subfield>
  </datafield>
  <datafield tag="700" ind1=" " ind2=" ">
    <subfield code="a">Testoni Giancarlo</subfield>
    <subfield code="d">Codice autore musica SPICS: 13524</subfield>
    <subfield code="e">Autore musica</subfield>
    <subfield code="p">Il mio nome &#xE8; donna</subfield>
    <subfield code="9">10950</subfield>
  </datafield>
  <datafield tag="700" ind1=" " ind2=" ">
    <subfield code="a">Mascheroni Vittorio</subfield>
    <subfield code="d">Codice autore testo/musica SPICS: 13134</subfield>
    <subfield code="e">Autore testo/musica</subfield>
    <subfield code="p">Il mio nome &#xE8; donna - E' stata una follia</subfield>
    <subfield code="9">10951</subfield>
  </datafield>
  <datafield tag="700" ind1=" " ind2=" ">
    <subfield code="a">Galdieri Michele</subfield>
    <subfield code="d">Codice autore musica SPICS: 13370</subfield>
    <subfield code="e">Autore musica</subfield>
    <subfield code="p">Portami tante rose ...</subfield>
    <subfield code="9">10952</subfield>
  </datafield>
  <datafield tag="700" ind1=" " ind2=" ">
    <subfield code="a">Bixio Cesare Andrea</subfield>
    <subfield code="d">Codice autore testo/musica SPICS: 13441</subfield>
    <subfield code="e">Autore testo/musica</subfield>
    <subfield code="p">Portami tante rose ...</subfield>
    <subfield code="9">10953</subfield>
  </datafield>
  <datafield tag="700" ind1=" " ind2=" ">
    <subfield code="a">D'Anzi Giovanni</subfield>
    <subfield code="d">Codice autore testo/musica SPICS: 13458</subfield>
    <subfield code="e">Autore testo/musica</subfield>
    <subfield code="p">Finestra chiusa - Non partir - Bellezza in bicicletta - Tu, musica divina</subfield>
    <subfield code="9">10955</subfield>
  </datafield>
  <datafield tag="700" ind1=" " ind2=" ">
    <subfield code="a">Frati Enrico</subfield>
    <subfield code="d">Codice autore musica SPICS: 13443</subfield>
    <subfield code="e">Autore musica</subfield>
    <subfield code="p">Scrivimi</subfield>
    <subfield code="9">10956</subfield>
  </datafield>
  <datafield tag="700" ind1=" " ind2=" ">
    <subfield code="a">Raimondo Giovanni</subfield>
    <subfield code="d">Codice autore testo/musica SPICS: 13444</subfield>
    <subfield code="e">Autore testo/musica</subfield>
    <subfield code="p">Scrivimi</subfield>
    <subfield code="9">10957</subfield>
  </datafield>
  <datafield tag="700" ind1=" " ind2=" ">
    <subfield code="a">Marchesi</subfield>
    <subfield code="d">Codice autore musica SPICS: 22540</subfield>
    <subfield code="e">Autore musica</subfield>
    <subfield code="p">Bellezza in bicicletta</subfield>
    <subfield code="9">10958</subfield>
  </datafield>
  <datafield tag="700" ind1=" " ind2=" ">
    <subfield code="a">Marf (Bonavita Mario)</subfield>
    <subfield code="d">Codice autore testo/musica SPICS: 13496</subfield>
    <subfield code="e">Autore testo/musica</subfield>
    <subfield code="p">E' stata una follia</subfield>
    <subfield code="9">10959</subfield>
  </datafield>
  <datafield tag="942" ind1=" " ind2=" ">
    <subfield code="c">MD</subfield>
    <subfield code="2">ddc</subfield>
  </datafield>
  <datafield tag="952" ind1=" " ind2=" ">
    <subfield code="0">0</subfield>
    <subfield code="1">0</subfield>
    <subfield code="4">0</subfield>
    <subfield code="6">24604_000000000000000</subfield>
    <subfield code="7">1</subfield>
    <subfield code="a">SPICS</subfield>
    <subfield code="b">SPICS</subfield>
    <subfield code="d">2013-10-25</subfield>
    <subfield code="l">0</subfield>
    <subfield code="o">24604</subfield>
    <subfield code="r">2013-10-25 00:00:00</subfield>
    <subfield code="w">2013-10-25</subfield>
    <subfield code="y">MD</subfield>
    <subfield code="z">Progr. Ins.: 5299 / N.Vol.: 1 / Copie: 1 - Copia rara: n.d. / date import: 01.01.2014 - By Epidotti, Trombetti, Vaglietti</subfield>
  </datafield>
</record>
